| 000 | 00756nas a2200253 4500 | ||
|---|---|---|---|
| 001 | BR9208537 | ||
| 003 | BR-BrBNA | ||
| 005 | 20231205093122.0 | ||
| 007 | ta | ||
| 008 | 230509b bl.|||p| |||| 00| 00por d | ||
| 040 |
_aBR-BrBNA _bpor _cBiblioteca Nacional de Agricultura |
||
| 041 | _a(Pt) | ||
| 072 | _aH10 | ||
| 100 | 1 | _aVendramim, J.D. | |
| 100 | 1 | _aFernandes, L.C. | |
| 100 | 1 | _aReis Filho, W. | |
| 245 | 1 | _aBiologia comparada de Erinnyis ello ello (L., 1758)(Lepidoptera, Sphingidae)em mandioca e seringueira | |
| 650 | _aMANDIOCA | ||
| 650 | _aSERINGUEIRA | ||
| 650 | _aMANDAROVA | ||
| 773 | 0 |
_tPoliagro (Brazil) _xISSN 0100-3461 _g(1985), v. 7(2) p. 10-13 _wBR9208537 |
|
| 909 |
_a202311 _bLúcia _c55 _dLúcia Elande |
||
| 942 |
_2AGRIS _n0 _cANA |
||
| 999 |
_c136331 _d136331 |
||